Welcome to the Holygrace Academy Library

Please use search bar below to get started

EXAM WINNERS (Record no. 2666)

MARC details
000 -LEADER
fixed length control field 00261nam a22001217a 4500
082 ## - DEWEY DECIMAL CLASSIFICATION NUMBER
Classification number 001
Item number SIN/E
100 ## - MAIN ENTRY--AUTHOR NAME
Personal name SINGH,UTHAM
245 ## - TITLE STATEMENT
Title EXAM WINNERS
260 ## - PUBLICATION, DISTRIBUTION, ETC. (IMPRINT)
Place of publication NEW DELHI
Name of publisher BHARATH BOOKS PVT.LTD
300 ## - PHYSICAL DESCRIPTION
Number of Pages 912
650 ## - SUBJECT ADDED ENTRY--TOPICAL TERM
Topical Term EXAM WINNER
Geographic subdivision KERALA
942 ## - ADDED ENTRY ELEMENTS (KOHA)
Koha item type Books
Holdings
Withdrawn status Lost status Collection code Home library Current library Shelving location Date acquired Source of acquisition Full call number Accession Number Koha item type
    Reference Main Library Main Library   17/05/2011 PURCHASE 001 SIN/E 03536 Books